An introduction to finite element computations (Record no. 574001)
[ view plain ]
| 000 -LEADER | |
|---|---|
| fixed length control field | 00494nam a22001817a 4500 |
| 003 - CONTROL NUMBER IDENTIFIER | |
| control field | CEME |
| 005 - DATE AND TIME OF LATEST TRANSACTION | |
| control field | 20210628203518.0 |
| 008 - FIXED-LENGTH DATA ELEMENTS--GENERAL INFORMATION | |
| fixed length control field | 210120b xxu||||| |||| 00| 0 eng d |
| 020 ## - INTERNATIONAL STANDARD BOOK NUMBER | |
| International Standard Book Number | 0-906674-06-9 |
| 040 ## - CATALOGING SOURCE | |
| Transcribing agency | . |
| 082 ## - DEWEY DECIMAL CLASSIFICATION NUMBER | |
| Classification number | 620.001515353 HIN |
| 100 ## - MAIN ENTRY--PERSONAL NAME | |
| Personal name | Hinton, E, Owen, D.R .J |
| 9 (RLIN) | 65930 |
| 245 ## - TITLE STATEMENT | |
| Title | An introduction to finite element computations |
| 260 ## - PUBLICATION, DISTRIBUTION, ETC. | |
| Place of publication, distribution, etc. | SEANSEA |
| Name of publisher, distributor, etc. | PINERIDGE PRESS |
| Date of publication, distribution, etc. | 1985 |
| 300 ## - PHYSICAL DESCRIPTION | |
| Extent | X,385P |
| 650 ## - SUBJECT ADDED ENTRY--TOPICAL TERM | |
| Topical term or geographic name entry element | FINITE ELEMENT COMPUTATIONS. |
| 9 (RLIN) | 65931 |
| 942 ## - ADDED ENTRY ELEMENTS (KOHA) | |
| Koha item type | Book |
| Source of classification or shelving scheme | |
| Withdrawn status | Lost status | Source of classification or shelving scheme | Damaged status | Not for loan | Permanent Location | Current Location | Shelving location | Date acquired | Full call number | Barcode | Date last seen | Price effective from | Koha item type | Public note |
|---|---|---|---|---|---|---|---|---|---|---|---|---|---|---|
| College of Electrical & Mechanical Engineering (CEME) | College of Electrical & Mechanical Engineering (CEME) | General Stacks | 07/28/2017 | 620.001515353 HIN | CEME-45223 | 06/28/2021 | 06/28/2021 | Book | 4.0 | |||||
| College of Electrical & Mechanical Engineering (CEME) | College of Electrical & Mechanical Engineering (CEME) | General Stacks | 07/28/2017 | 620.001515353 HIN | CEME-45224 | 06/28/2021 | 06/28/2021 | Book | 4.0 | |||||
| College of Electrical & Mechanical Engineering (CEME) | College of Electrical & Mechanical Engineering (CEME) | General Stacks | 07/28/2017 | 620.001515353 HIN | CEME-45225 | 06/28/2021 | 06/28/2021 | Book | 4.0 | |||||
| College of Electrical & Mechanical Engineering (CEME) | College of Electrical & Mechanical Engineering (CEME) | General Stacks | 07/28/2017 | 620.001515353 HIN | CEME-45226 | 06/28/2021 | 06/28/2021 | Book | 4.0 |
